000 00989cab a22002055a 4500
001 L153808
008 110906e20110902xxk 000 0 eng d
035 _a(Sirsi) u153808
041 0 _aeng
100 1 _aWatson, Stuart
245 0 0 _aMarkets
_bThames Valley
260 _c2011
490 0 _aProperty Week
_v77(45) 2 September 2011, 43-52(5)
520 _aRevival of big shed occupiers in Reading as Brakes Group signs refrigerated warehouse deal. A number of global office occupiers are relocating in the Thames Valley. INH Real Estate Development is submitting plans for a £100m mixed-used residential, office retail scheme in Maidenhead. Benson Elliott and Stanhope are planning to submit plans for a scaled-down Station Hill scheme adjacent to Reading station.
590 _aKA
651 4 _aThames Valley
690 _aPROPERTY-COMMERCIAL PROPERTY-COMMERCIAL PROPERTY FINANCE AND INVESTMENT
690 _aPROPERTY-COMMERCIAL PROPERTY-COMMERCIAL PROPERTY MARKET
942 _n0
999 _c83381
_d83381